| 000 | 01355cam a2200409 4500 | ||
|---|---|---|---|
| 001 | B1165 | ||
| 008 | 090401t1986 xxu||||| |||| 00| 0 eng d | ||
| 035 | _a(Sirsi) u42923 | ||
| 041 | _aeng | ||
| 050 | _a333.33 | ||
| 090 | _aRICS 1986/67A | ||
| 110 |
_aRoyal Institution of Chartered Surveyors _94900 |
||
| 245 | _aCapitalising on change. Conference at Viking Hotel 30 October - 1 November 1986 | ||
| 260 | _c1986 | ||
| 300 | _a9 papers | ||
| 350 | _a0 | ||
| 520 | _aGeneral Practice Division. Papers by: Clay,G.D. , Couch,H.E. , Edmonds,D. , Kindred,A.D. , Oddy,I.V. , Shuttleworth,I.R. , Stapleton,T.B. , Taylor,V.W. , and Veall,D . Papers cover a variety of topics to do with general practice. | ||
| 650 | _aAUDIT COMMISSION | ||
| 650 | _aBREAK CLAUSE | ||
| 650 | _aCONFLICT OF INTEREST | ||
| 650 | _aESTATE AGENCY | ||
| 650 | _aGENERAL PRACTICE | ||
| 650 |
_aInsurance _96249 |
||
| 650 | _aLEASING INCENTIVES | ||
| 650 | _aLIMITED LIABILITY | ||
| 650 | _aMORTGAGE VALUATION | ||
| 650 | _aNEGLIGENCE | ||
| 650 | _aOPTION TO BREAK | ||
| 650 | _aPROFESSIONAL INDEMNITY | ||
| 650 |
_aProperty management _96262 |
||
| 650 | _aBUILT ENVIRONMENT-BUILDING MAINTENANCE AND REFURBISHMENT | ||
| 650 | _aRENT-FREE PERIODS | ||
| 650 | _aSHOPPING CENTRES | ||
| 650 | _aSTAFF MANAGEMENT | ||
| 942 | _n0 | ||
| 948 | _c04/03/1997 | ||
| 999 |
_c91207 _d91207 |
||